Central Library OPAC University of Rajshahi

The scenario of population growth in India / (Record no. 34848)

MARC details
000 -LEADER
fixed length control field 00659nam a22002297a 4500
001 - CONTROL NUMBER
control field 34848
003 - CONTROL NUMBER IDENTIFIER
rucl marc code BD-RjUL
005 - DATE AND TIME OF LATEST TRANSACTION
control field 20211209052224.0
008 - FIXED-LENGTH DATA ELEMENTS--GENERAL INFORMATION
fixed length control field 140519t2004 ii |||| |||| 001 0 eng d
020 ## - INTERNATIONAL STANDARD BOOK NUMBER
International Standard Book Number 8187606568
035 ## - SYSTEM CONTROL NUMBER
System control number (BD-RjUL)34942
040 ## - CATALOGING SOURCE
Original cataloging agency BD-RjUL
Language of cataloging eng
Transcribing agency BD-RjUL
041 ## - LANGUAGE CODE
Language code of text/sound track or separate title eng
082 04 - DEWEY DECIMAL CLASSIFICATION NUMBER
Classification number 304.62954
Author mark and year KOS 2004
100 1# - MAIN ENTRY--PERSONAL NAME
Personal name Konar, Dhirendra Nath
9 (RLIN) 106074
245 14 - TITLE STATEMENT
Title The scenario of population growth in India /
Statement of responsibility, etc. Dhirendra nath konar
260 ## - PUBLICATION, DISTRIBUTION, ETC. (IMPRINT)
Place of publication, distribution, etc. New Delhi :
Name of publisher, distributor, etc. Akansha Pub. House,
Date of publication, distribution, etc. 2004.
300 ## - PHYSICAL DESCRIPTION
Pagination xiv, 205 p. ;
Size 22 cm,
504 ## - BIBLIOGRAPHY, ETC. NOTE
Bibliography, etc includes index.
650 07 - SUBJECT ADDED ENTRY--TOPICAL TERM
Topical term or geographic name as entry element India -- Population.
9 (RLIN) 5366
942 ## - ADDED ENTRY ELEMENTS (KOHA)
Source of classification or shelving scheme Dewey Decimal Classification
Koha item type Books
Holdings
Lost status Source of classification or shelving scheme Damaged status Not for loan Collection code Permanent Location Current Location Shelving location Date acquired Source of acquisition Cost, normal purchase price Total Checkouts Full call number Date last seen Copy number Koha item type
  Dewey Decimal Classification     Non-fiction Central Library, University of Rajshahi Central Library, University of Rajshahi   24/05/2006 Dhaka paragon enterprise 600.00   304.62954 KOS 2004 19/05/2014 C-2 Books
  Dewey Decimal Classification     Non-fiction Central Library, University of Rajshahi Central Library, University of Rajshahi   10/08/2008 Paragon Enterprise Lit., Dhaka 600.00   304.62954 KOS 2004 06/08/2016 C-3 Books
  Dewey Decimal Classification   Not For Loan Non-fiction Central Library, University of Rajshahi Central Library, University of Rajshahi Reading Room 10/05/2008 Dhaka,Paragon Enterprise Lit., 600.00   304.62954 KOS 2004 11/12/2016 C-1 Books
  Dewey Decimal Classification     Non-fiction Central Library, University of Rajshahi Central Library, University of Rajshahi   24/05/2006 Paragon Enterprises Dhaka 600.00   304.62954 KOS 2004 17/12/2016 C-4 Books